A terhesség hatása a láb statikájára

Elmentve itt :
Bibliográfiai részletek
Szerzők: Szíver Edit
Pósa Gabriella
Kellermann Péter
Tóth Kálmán
Tóth Zsolt
Dokumentumtípus: Cikk
Megjelent: 2007
Sorozat:ACTA SANA: MENS SANA IN CORPORE SANO 2 No. 1
mtmt:2267464
Online Access:http://publicatio.bibl.u-szeged.hu/17126
LEADER 00771nab a2200229 i 4500
001 publ17126
005 20191016102025.0
008 191016s2007 hu o 0|| magyar d
022 |a 2060-3142 
024 7 |a 2267464  |2 mtmt 
040 |a SZTE Publicatio Repozitórium  |b hun 
041 |a magyar 
100 1 |a Szíver Edit 
245 1 2 |a A terhesség hatása a láb statikájára  |h [elektronikus dokumentum] /  |c  Szíver Edit 
260 |c 2007 
300 |a 19-23 
490 0 |a ACTA SANA: MENS SANA IN CORPORE SANO  |v 2 No. 1 
700 0 1 |a Pósa Gabriella  |e aut 
700 0 1 |a Kellermann Péter  |e aut 
700 0 1 |a Tóth Kálmán  |e aut 
700 0 1 |a Tóth Zsolt  |e aut 
856 4 0 |u http://publicatio.bibl.u-szeged.hu/17126/1/SziverEditAterhesseghatasaalabstatikajara.pdf  |z Dokumentum-elérés